000 00282nam a22001337a 4500
008 170918b xxu||||| |||| 00| 0 eng d
020 _a9780528836206
041 _aeng
080 _a 7
100 _a44
101 _aART
245 _aTHE MAPMAKERS ART
_cGOSS,J
942 _2udc
_cBK
999 _c28127
_d28127